Aplikácia na riešenie sústavy lineárnych rovníc v jazyku C

Enregistré dans:
Détails bibliographiques
Auteur principal: Kuracina, Stanislav (Auteur)
Autres auteurs: Vrábeľ, Róbert (Directeur de thèse)
Format: Manuscrit Livre
Langue:slovaque
Publié: 2021
Sujets:
Accès en ligne:http://is.stuba.sk/zp/portal_zp.pl?podrobnosti=148693
Tags: Ajouter un tag
Pas de tags, Soyez le premier à ajouter un tag!

MARC

LEADER 00000ntm a22000003a 4500
001 stuzp82522
003 SK-STU
005 20210703211147.5
007 ta
008 150427s2015----xo-----f-mn---000-0-slo-d
040 |a STU  |b slo 
041 0 |a slo 
100 1 |a Kuracina, Stanislav  |u 066000  |4 aut  |U MTF Materiálovotechnologická fakulta  |T MTF Ústav aplikovanej informatiky, automatizácie a mechatroniky  |X 97177  |U M6000  |Y 86  |7 97177 
242 0 1 |a Program to solve a system of linear equations in C  |y eng 
245 1 0 |a Aplikácia na riešenie sústavy lineárnych rovníc v jazyku C 
260 |c 2021 
650 4 |a programovací jazyk C  |2 slo 
650 4 |a sústava lineárnych rovníc  |2 slo 
650 4 |a matica  |2 slo 
650 4 |a matrix  |2 eng 
650 4 |a programming language C  |2 eng 
650 4 |a system of linear equations  |2 eng 
700 1 |a Vrábeľ, Róbert  |u 066000  |k Z1  |4 ths  |U MTF Materiálovotechnologická fakulta  |T MTF Ústav aplikovanej informatiky, automatizácie a mechatroniky  |X 2758  |U M6000  |Y 86  |7 A000002758 
856 4 |u http://is.stuba.sk/zp/portal_zp.pl?podrobnosti=148693 
996 |c M* BP-9121  |l MMSKP  |s P  |a 0  |w stuzp82522_0001